| 000 | 00617nam a22001937a 4500 | ||
|---|---|---|---|
| 999 |
_c10468 _d10468 |
||
| 003 | AR-CdUCM | ||
| 008 | 190401b ||||| |||| 00| 0 spa d | ||
| 040 |
_aMUNICIPALIDAD PROVINCIAL DEL CUSCO _cBIBLIOTECA MUNICIPAL DEL CUSCO |
||
| 082 |
_22ed. _aES / 800 / _bB28 |
||
| 100 |
_aBaudizzone, Luis M. _927343 |
||
| 245 | _aCervantes / | ||
| 260 |
_aBuenos Aires : _bAtlantida S. A. ; _c1949. |
||
| 300 |
_a119 páginas : _bIlustraciones _c17cm |
||
| 440 |
_aColección Oro _nCultura General _927344 |
||
| 505 | _aContenido: Literatura | ||
| 650 |
_aLiteratura juvenil _91580 |
||
| 942 |
_2ddc _cLIBROS |
||
| 945 | _anom | ||